Statistics for Click Quiz Europe 2

Click here to take the quiz!

General Stats

  • This quiz has been taken 41 times
  • The average score is 12 of 19

Answer Stats

HintAnswer% Correct
The so-called land of ice and fireIceland
96%
Where French fries are actually fromBelgium
92%
Only country where Catalan is an official languageAndorra
88%
Modern-day country where Franz Ferdinand was assassinatedBosnia & Herzegovina
85%
The birthplace of democracyGreece
85%
Lego originated hereDenmark
81%
The home of the MagyarsHungary
81%
Country under Lukashenko's ruleBelarus
77%
The only country that is possible to rentLiechtenstein
73%
The country with the most UNESCO World Heritage sitesItaly
69%
Highest beer consumption in the worldCzechia
65%
Last grand duchy of the worldLuxembourg
65%
The least visited country in EuropeMoldova
62%
The Pied Piper lured rats and children to their deaths hereGermany
58%
First country to hold an electronic electionEstonia
54%
The country with the most bunkersAlbania
42%
Where the airbag and the modern computer were inventedBulgaria
27%
The country with the oldest tree in EuropeLithuania
15%
Where jeans are truly fromLatvia
12%

Score Distribution

Percentile by Number Answered

Percent of People with Each Score

Your Score History

You have not taken this quiz